Historia de la educación durante el porfiriato /

Recuperación histórica que pretende mostrar que el desarrollo educativo durante el porfiriato fue disímil según el estado, la localidad e incluso la escuela. El norte, no indígena y con mayores recursos y gobernantes preocupados por la educación, tuvo índices de alfabetización más altos; en tanto qu...

Descripció completa

Guardat en:
Dades bibliogràfiques
Autor principal: Bazant, Mílada (autor)
Format: Llibre
Idioma:espanyol
Col·lecció:(Historia de la Educación)
Matèries:
Etiquetes: Afegir etiqueta
Sense etiquetes, Sigues el primer a etiquetar aquest registre!

MARC

LEADER 00000nam^a2200000^a^4500
001 000040724
005 20250521000000.0
009 20260310085631.152
020 |a 968-12-0533-2 
037 |a Acervo ITESO - Biblioteca 
041 |a ESP 
082 |a 379. 72052  |b BAZ 
100 |a Bazant, Mílada  |e (autor) 
245 1 0 |a Historia de la educación durante el porfiriato /  |c M. Bazant. 
264 |a México :  |b El Colegio de México, Centro de Estudios Históricos,  |c 1993 
300 |a 297 p. 
336 |a texto  |b txt  |2 rdacontenido 
337 |a sin mediación  |b n  |2 rdamedio 
338 |a volumen  |b nc  |2 rdasoporte 
440 1 |a (Historia de la Educación) 
520 |a Recuperación histórica que pretende mostrar que el desarrollo educativo durante el porfiriato fue disímil según el estado, la localidad e incluso la escuela. El norte, no indígena y con mayores recursos y gobernantes preocupados por la educación, tuvo índices de alfabetización más altos; en tanto que en el sur el porcentaje de alfabetas era el 10%. El centro fue la zona más progre sistas y la que más se preocupó por la educación rural. La autora pone de manifiesto cómo en este período se sentaron las bases de la escuela mexicana moderna, preocupada por dotar al alumno de un conocimiento práctico que le permitiera ganarse la vida. 
649 |a XX 
650 |a Educación -  |z México -  |x Historia -  |y Porfirismo, 1876-1911 
910 |a Fondo General 
920 |a Impresos - Libros 
930 |a Colección General 
905 |a 101 
901 |a 0407240100  |b IT1  |c ACC  |i 040724  |u 20250521 
902 |a https://opac.biblio.iteso.mx/vufind/Record/000040724